Prikladnoj linejnyj regressionnyj analiz /

Na minha lista:
Detalhes bibliográficos
Main Authors: Vučkov, Ivan Nikolov (Author), Bojadžijeva, Lidija Nedkova (Author), Solakov, Jevtim Borisov (Author)
Formato: Livro
Publicado em: Moskva : Finansy i statistika, 1987
Tags: Adicionar Tag
Sem tags, seja o primeiro a adicionar uma tag!

MARC

LEADER 00000nam a22000003a 4500
001 stu19969
005 20150617225752.4
008 ------s1987----xxr---------------------d
040 |a STU  |b slo 
041 0
044 |a xxr 
080 |a 519.21 
100 1 |a Vučkov, Ivan Nikolov  |4 aut 
245 1 |a Prikladnoj linejnyj regressionnyj analiz /  |c [aut.]Vučkov,Ivan Nikolov, Bojadžijeva,Lidija Nedkova, Solakov,Jevtim Borisov 
260 |a Moskva :  |b Finansy i statistika,  |c 1987 
300 |a 238 s :  |b Tab.,grafy,lit 
700 1 |a Bojadžijeva, Lidija Nedkova  |4 aut 
700 1 |a Solakov, Jevtim Borisov  |4 aut 
996 |b C78965  |c C*78965  |l CCII  |s P  |a 0  |w stu19969_0001